000 00260nam a2200109Ia 4500
008 230907s9999||||xx |||||||||||||| ||und||
082 _a955.061
_bDEW
245 0 _aEveryday Iran :
260 _aI.B.Tauris,
_bNew York :
_c2015
300 _a1978 p.
942 _cBK
999 _c599182
_d599182